| 000 | 00000nam 2200000zi 4500 |
| 001 | 9.907759 |
| 003 | CaOODSP |
| 005 | 20250220102342 |
| 006 | m o d f |
| 007 | cr mn||||||||| |
| 008 | 220207e202202##quca o f000 0 eng d |
| 020 | |a9780660419350 |
| 040 | |aCaOODSP|beng|erda|cCaOODSP |
| 043 | |an-cn--- |
| 086 | 1 |aEn4-425/2022E-PDF |
| 245 | 00|aQuantification guidance for the Output-Based Pricing System Regulations. |
| 250 | |a[February 2022 edition]. |
| 264 | 1|aGatineau QC : |bEnvironment and Climate Change Canada = Environnement et changement climatique Canada, |cFebruary 2022. |
| 264 | 4|c©2022 |
| 300 | |a1 online resource (vii, 81 pages) : |billustrations |
| 336 | |atext|btxt|2rdacontent |
| 337 | |acomputer|bc|2rdamedia |
| 338 | |aonline resource|bcr|2rdacarrier |
| 500 | |aIssued also in French under title: Guide de quantification pour le Règlement sur le système de tarification fondé sur le rendement. |
| 500 | |a"EC21230.07"--Verso of cover. |
| 520 | |a"This document is intended to provide guidance on the quantification requirements of greenhouse gases (GHGs) and production, including emissions limits and calculated output-based standards (OBS), for covered facilities under the Output-Based Pricing System Regulations (the Regulations). All references made in this document are in regards to the Regulations unless otherwise specified"--Purpose, page 1. |
| 650 | 0|aCarbon taxes|xLaw and legislation|zCanada. |
| 650 | 0|aCarbon offsetting|xLaw and legislation|zCanada. |
| 650 | 0|aGreenhouse gas mitigation|xLaw and legislation|zCanada. |
| 710 | 1 |aCanada. |bEnvironment and Climate Change Canada, |eissuing body. |
| 775 | 08|tGuide de quantification pour le Règlement sur le système de tarification fondé sur le rendement.|w(CaOODSP)9.907760 |
| 794 | |tQuantification guidance for the Output-Based Pricing System Regulations.|b(February 2023)|w(CaOODSP)9.920238 |
| 795 | |tQuantification guidance for the Output-Based Pricing System Regulations.|b(February 2021)|w(CaOODSP)9.897766 |
| 856 | 40|qPDF|s2.40 MB|uhttps://publications.gc.ca/collections/collection_2022/eccc/En4-425-2022-eng.pdf |
| 986 | |aEC21230.07 |